| 000 | 01700nam a2200397 a 4500 | ||
|---|---|---|---|
| 001 | ebr10076777 | ||
| 003 | CaPaEBR | ||
| 006 | m u | ||
| 007 | cr cn||||||||| | ||
| 008 | 020408s2002 enka sb 001 0 eng d | ||
| 015 | _aGBA1-V6661 | ||
| 020 | _z9781412931694 | ||
| 020 | _z0761966609 | ||
| 020 | _z0761966617 (pbk.) | ||
| 040 |
_aCaPaEBR _cCaPaEBR |
||
| 035 | _a(OCoLC)70773930 | ||
| 050 | 1 | 4 |
_aPN5117 _b.C66 2002eb |
| 082 | 0 | 4 |
_a072/.09/034 _221 |
| 100 | 1 | _aConboy, Martin. | |
| 245 | 1 | 4 |
_aThe press and popular culture _h[electronic resource] / _cMartin Conboy. |
| 260 |
_aLondon ; _aThousand Oaks, Calif. : _bSAGE, _c2002. |
||
| 300 |
_ax, 194 p. : _bill. |
||
| 504 | _aIncludes bibliographical references (p. [184]-189) and index. | ||
| 533 |
_aElectronic reproduction. _bPalo Alto, Calif. : _cebrary, _d2013. _nAvailable via World Wide Web. _nAccess may be limited to ebrary affiliated libraries. |
||
| 650 | 0 |
_aJournalism _xSocial aspects _zGreat Britain _xHistory _y19th century. |
|
| 650 | 0 |
_aJournalism _xSocial aspects _zGreat Britain _xHistory _y20th century. |
|
| 650 | 0 |
_aJournalism _xSocial aspects _zUnited States _xHistory _y19th century. |
|
| 650 | 0 |
_aJournalism _xSocial aspects _zUnited States _xHistory _y20th century. |
|
| 650 | 0 |
_aPress _zGreat Britain _xHistory _y19th century. |
|
| 650 | 0 |
_aPress _zGreat Britain _xHistory _y20th century. |
|
| 650 | 0 |
_aPress _zUnited States _xHistory _y19th century. |
|
| 650 | 0 |
_aPress _zUnited States _xHistory _y20th century. |
|
| 655 | 7 |
_aElectronic books. _2local |
|
| 710 | 2 | _aebrary, Inc. | |
| 856 | 4 | 0 |
_uhttp://site.ebrary.com/lib/rucke/Doc?id=10076777 _zAn electronic book accessible through the World Wide Web; click to view |
| 999 |
_c72969 _d72969 |
||